Cities Starting with T in Chinese Pinyin - Statistics

General Stats
  • This quiz has been taken 30 times
  • The average score is 6 of 6
Answer Stats
Hint Answer % Correct
Tǎ Nà Nà Lì Fó Antananarivo
100%
Tǎn Pà Tampa
100%
Tǎ Shí Gàn Tashkent
100%
Tú Ní Sī Tunis
100%
Tè Lā Wéi Fū Tel Aviv
96%
Tǎ Lín Tallinn
85%
No matching quizzes found
Score Distribution
Percent of People with Each Score
Percentile by Number Answered
Your Score History
You have not taken this quiz